| 000 | 00438nam a2200181 a 4500 | ||
|---|---|---|---|
| 001 | 12661 | ||
| 003 | CO-ViMGA | ||
| 008 | 141112s2004 ck r 000 u spa d | ||
| 020 | _a8477511901 | ||
| 040 |
_aCO-ViMGA _bspa _cCO-ViMGA |
||
| 082 | 0 | 4 | _a823.912 C474cs |
| 100 | 1 | _aChristie, Agatha | |
| 245 | 1 | 0 | _aCartas sobre la mesa |
| 260 |
_aBarcelona : _bPlaneta, _c1996 |
||
| 300 | _a199p. | ||
| 650 | 1 | 4 | _aNOVELA INGLESA |
| 942 |
_2ddc _cBK |
||
| 999 |
_c23631 _d23631 |
||